| 000 -LEADER | |
|---|---|
| fixed length control field | 00315cam a2200121 a 4500 |
| 020 ## - INTERNATIONAL STANDARD BOOK NUMBER | |
| ISBN | 083081423X (cloth : alk. paper) |
| 050 00 - LIBRARY OF CONGRESS CALL NUMBER | |
| Classification number | BS511.2 |
| 245 00 - TITLE STATEMENT | |
| Title | Hard sayings of the Bible / |
| 260 ## - PUBLICATION, DISTRIBUTION, ETC. (IMPRINT) | |
| Place of publication | Downers Grove, Ill. : |
| Name of publisher | InterVarsity Press, |
| Year of publication | c1996. |
| 300 ## - PHYSICAL DESCRIPTION | |
| Number of Pages | 808 p. ; |
| 700 1# - ADDED ENTRY--PERSONAL NAME | |
| Personal name | Kaiser, Walter C., |
| 942 ## - ADDED ENTRY ELEMENTS (KOHA) | |
| Koha item type | Books |
| Koha item type | Collection code | Shelving location | Accession Number | Permanent Location | Current Location | Date acquired | Full call number |
|---|---|---|---|---|---|---|---|
| Books | Lending | Lending | 4192 | Chapman Library | Chapman Library | 2017-06-07 | BS 1171.2kai |
| Books | Lending | Lending | 4330 | Chapman Library | Chapman Library | 2017-06-07 | BS 1171.2kai |

